000
00203nam a22000977a 4500
999
_c
12369
_d
12369
020
_a
9780131459540
082
_a
658.8
100
_a
Neil B. Holbert
245
_a
Practical Marketing Research
942
_c
BK